Storia del teatro drammatico-VV. 1-2 (Record n. 76483)
[ formato base ]
| 000 -LEADER | |
|---|---|
| fixed length control field | 01624nam a2200301Ia 4500 |
| 001 - CONTROL NUMBER | |
| control field | 15325 |
| 003 - CONTROL NUMBER IDENTIFIER | |
| control field | IT-RoPAU |
| 008 - FIXED-LENGTH DATA ELEMENTS--GENERAL INFORMATION | |
| fixed length control field | 130308s9999 xx 000 0 und d |
| 040 ## - CATALOGING SOURCE | |
| Original cataloging agency | IT-RoPAU |
| 040 ## - CATALOGING SOURCE | |
| Transcribing agency | IT-RoPAU |
| 041 ## - LANGUAGE CODE | |
| Language code of text/sound track or separate title | ITALIANO |
| 999 ## - SYSTEM CONTROL NUMBERS (KOHA) | |
| Koha Dewey Subclass [OBSOLETE] | SI |
| 100 ## - MAIN ENTRY--PERSONAL NAME | |
| Personal name | D'Amico Silvio |
| 100 ## - MAIN ENTRY--PERSONAL NAME | |
| Miscellaneous information | Codice Aut. SPICS: 7584 |
| 245 ## - TITLE STATEMENT | |
| Title | Storia del teatro drammatico-VV. 1-2 |
| 245 ## - TITLE STATEMENT | |
| Remainder of title | Storia del Teatro Drammatico-Vv. 1-2 |
| 250 ## - EDITION STATEMENT | |
| Edition statement | 1a ed. |
| 260 ## - PUBLICATION, DISTRIBUTION, ETC. (IMPRINT) | |
| Place of publication, distribution, etc. | MILANO |
| 260 ## - PUBLICATION, DISTRIBUTION, ETC. (IMPRINT) | |
| Name of publisher, distributor, etc. | Rizzoli |
| 260 ## - PUBLICATION, DISTRIBUTION, ETC. (IMPRINT) | |
| Date of publication, distribution, etc. | 1939 [1° Ed.:1939 - Ed.Ling.Originale:1939] |
| 300 ## - PHYSICAL DESCRIPTION | |
| Extent | "958 p. (prefazione: no ; testo: 958)" |
| 500 ## - GENERAL NOTE | |
| General note | Natura e Origini del Teatro Drammatico Grecia e Roma Religione Greca e misteri Tragedia e dramma Greco importanza del Teatro in Grecia Gare e Pubblico Eschilo creatore del dramma Riforme Tecniche del Teatro di Sofocle principali Tragedie di Euripide commedie di Aristofane commedia Attica di Menandro Teatro romano scena Romana e Suoi Generi Drammatici Plauto Terenzio Grandi Teatri romani Chiesa contro Il Teatro Teatro Medioevale Influenza del dramma Cristiano nella Chiesa Greca e Latina dramma Liturgico dramma Sacro dramma comico Teatro Sacro e profano scena e dramma del Rinascimento dramma Pastorale commedia Italiana commedia dell'arte dramma spagnolo Lope De Vega Calderon De la Barca Grandi Drammi di Shakespeare Spirito e Arte di Corneille Vita e Opere di Moliere e Racine melodramma Metastasio Goldoni e la commedia Italiana Vita e Opere di Vittorio Alfieri |
| 650 ## - SUBJECT ADDED ENTRY--TOPICAL TERM | |
| Topical term or geographic name as entry element | STORIA DEL TEATRO |
| 650 ## - SUBJECT ADDED ENTRY--TOPICAL TERM | |
| Relator term | Codice materia Spics: 8408 |
| 942 ## - ADDED ENTRY ELEMENTS (KOHA) | |
| Koha item type | LIBRO |
| 957 ## - | |
| -- | 1 |
| 999 ## - SYSTEM CONTROL NUMBERS (KOHA) | |
| -- | 1 |
| Withdrawn status | Lost status | Damaged status | Not for loan | Home library | Current library | Date acquired | Total Checkouts | Full call number | Date last seen | Price effective from | Koha item type | Public note |
|---|---|---|---|---|---|---|---|---|---|---|---|---|
| Buone Condizioni | Not For Loan | SPICS-MEDIATECA | SPICS-MEDIATECA | 08/03/2013 | 15325 | 08/03/2013 | 08/03/2013 | LIBRO | Progressivo inserimento: 55359 / N. Volumi: 2 Copie: 1 Copia Rara: SI / data import: 1 marzo 2013 - By Epidotti, Trombetti, Vaglietti. |